1958 1461 1750 1871 1824 1436 1726 1846 1098 1767 1242 1302 1398 1629 1966 1104 1116 1382 1729 1829 1125 1805 1668 1692 1422 1487 1504 1251 1742 1330 1837 1630 2000 1820 1264 1281 1913 1240 1738 1346 1390 1825 1622 1796 1956 1070 1560 1746 1713 1289 1213 1366 1657 1707 1538 1555 1887 1823 1455 1873 1745 1204 1645 1866 1515 1334 1725 1855 1307 1777 1614 1774 1711 1008 1215 1578 1825 1265 1732 1827 1284 1976 1862 1392 1391 1014 1500 1505 1385 1378 1395 1561 1739 1690 1956 1718 1678 1250 1523 BCNSPRNW ULIB Ver.6.0+V

เปลี่ยนเป็นภาษาไทย

Change to English
 แสดงรายละเอียดบรรณานุกรม
  กลับหน้าหลัก

Brief Record : Get Marc (ISO 2709) : E-mail record : QR code < ปิดหน้าต่าง
LEADER : 00000nam 2200000uu 4500
001    13399126005
003     ULIB
008    180409s2013||||th 000 0 tha d
020    ^a9781408269930
050  4 ^aPE1116.N8^bW952E
100 1  ^aWright, Ros
245 10 ^aEnglish for nursing 1 :^bvocational English course book /^cRos Wright and Bethany cagnol ;with Maria Spada Symonds
260    ^aHarlow, Essex :^Pearson Education Limited,^c2013
300    ^a79 p. :^bill.+^e1 Compacdisc (4 3/4 in.)
650  4 ^aEnglish language^xConversation and phrase books (for nurse)
650  4 ^aCommunication in nursing
700 1  ^aCagnol, Bethany
700 1  ^aSymonds, Maria Spada,^eed.
856    ^a^zEnglish for nursing 1(10041435).pdf (สารบัญหนังสือ)^uhttp://61.19.69.198:80/ULIB//_fulltext/Content ::/13399126374/20150123123527_4682.pdf
945    ^p0^l0^i003422
999    ^aประนอม เกษจรัล
รายการนี้ยังไม่มีแท็ก
คุณยังไม่ได้ล็อกอิน คุณสามารถมีกิจกรรมร่วมกับเว็บไซต์ได้ แต่ต้องล็อกอินก่อน ::
  ล็อกอิน

รายการสื่อสารสนเทศ

ลำดับที่ ประเภท เลขเรียก/บาร์โค้ด สถานที่ สถานะ
1. วิทยาศาสตร์การแพทย์ และสุขภาพ
วิทยาศาสตร์การแพทย์ และสุขภาพ
สถานะ=หาย
PE1116.N8 W952E ฉ.1 
  Barcode: 003422
ห้องสมุดวิทยาเขตสวรรค์ประชารักษ์
►หนังสือทั่วไป
บนชั้น

รายการใกล้เคียง
    ผู้แต่ง [Wright, Ros]

    หัวเรื่อง [Communication in nursing]

BibComment


ยังไม่เคยถูกคอมเมนท์

คอมเมนท์ทรัพยากรรายการนี้
  คอมเมนท์: English for nurs..


 Copyright 2026. Bcnsprnw @Library